Nghiên cứu xây dựng hệ thống đảm bảo an toàn dữ liệu đào tạo tại trường Đại học Sư phạm Đại học Đà Nẵng
Tìm hiểu và nghiên cứu lý thuyết xử lý ảnh và nhận dạng ký tự in quang học dạng số. Bên cạnh đó, đề tài thực hiện nghiên cứu lý thuyết kiến trúc hướng dịch vụ nhằm xây dựng công cụ giao tiếp giữa các ứng dụng khác nhau. Xây dựng hệ thống đảm bảo an toàn dữ liệu đào tạo tại trường Đại học Sư phạm – Đ...
Đã lưu trong:
| Tác giả chính: | |
|---|---|
| Tác giả khác: | |
| Định dạng: | Sách |
| Ngôn ngữ: | Vietnamese |
| Được phát hành: |
Đà Nẵng
Đại học Đà Nẵng
2016
|
| Những chủ đề: | |
| Các nhãn: |
Thêm thẻ
Không có thẻ, Là người đầu tiên thẻ bản ghi này!
|
| Thư viện lưu trữ: | Mạng thư viện Đại học Đà Nẵng |
|---|
| LEADER | 02055nam a2200361 4500 | ||
|---|---|---|---|
| 001 | 000024172 | ||
| 003 | 20651 | ||
| 005 | 20161221151235.0 | ||
| 008 | 161018s2016 viesd | ||
| 041 | |a vie | ||
| 082 | 1 | 4 | |a 006.42 |b NG-V |
| 100 | 1 | |a Nguyễn Văn Vương | |
| 245 | 1 | |a Nghiên cứu xây dựng hệ thống đảm bảo an toàn dữ liệu đào tạo tại trường Đại học Sư phạm Đại học Đà Nẵng |c Nguyễn Văn Vương ; Nguyễn Trần Quốc Vinh hướng dẫn. |k Luận văn Thạc sĩ | |
| 260 | |a Đà Nẵng |b Đại học Đà Nẵng |c 2016 | ||
| 300 | |a 68 tr. ; phụ lục 3 tr. |c 29 cm. |e Tóm tắt | ||
| 500 | |a Luận văn thạc sĩ. Chuyên ngành: Hệ thống thông tin. Mã số: 60.48.01.04 | ||
| 520 | 3 | |a Tìm hiểu và nghiên cứu lý thuyết xử lý ảnh và nhận dạng ký tự in quang học dạng số. Bên cạnh đó, đề tài thực hiện nghiên cứu lý thuyết kiến trúc hướng dịch vụ nhằm xây dựng công cụ giao tiếp giữa các ứng dụng khác nhau. Xây dựng hệ thống đảm bảo an toàn dữ liệu đào tạo tại trường Đại học Sư phạm – Đại học Đà Nẵng bao gồm các chức năng | |
| 650 | 0 | 4 | |a Hệ thống đa phương tiện (Lập trình máy tính) |v Luận văn tốt nghiệp |x Nhận dạng ký tự quang |z Đà Nẵng |
| 650 | 0 | 4 | |a An toàn dữ liệu |
| 653 | |a Dữ liệu đào tạo | ||
| 653 | |a Lập trình | ||
| 653 | |a Hệ thống thông tin | ||
| 700 | 1 | |a Nguyễn Trần Quốc Vinh |c TS. |e Hướng dẫn | |
| OWN | |a LSP | ||
| AVA | |a UDN50 |b LSP |d 006.42 NG-V |e available |t Error 5001 Not defined in file expand_doc_bib_avail. |f 1 |g 0 |h N |i 0 |k 1 | ||
| 999 | |a From the UDN01 | ||
| AVA | |a UDN50 |b LSP |d 006.42 NG-V |e available |t Error 5001 Not defined in file expand_doc_bib_avail. |f 1 |g 0 |h N |i 0 |k 1 | ||
| TYP | |a Monograph | ||
| TYP | |a Printed language | ||
| 980 | |a Mạng thư viện Đại học Đà Nẵng | ||